Caped Crusaders Quiz Stats

 Plays Quiz not verified by Sporcle

Score 0/39 Timer 12:00
0 Plays Today
% Correct
Thor
97.8%
Storm
97.1%
Scarlet Witch
94%
Magneto
93.3%
Vision
91.4%
Loki
91.4%
Black Panther
90.5%
Doctor Strange
87.3%
Doctor Doom
86.3%
White Queen
84.4%
Namor the Sub-Mariner
80.6%
Rogue
80.3%
Mysterio
80%
Moon Knight
78.4%
Watcher
76.2%
Valkyrie
75.6%
Black Knight
74.3%
Mister Sinister
74.3%
Cloak
72.7%
Psylocke
71.4%
% Correct
Polaris
71.4%
Taskmaster
71.1%
Kang
70.8%
Sentry
69.5%
Adam Warlock
67.6%
Quasar
65.7%
Grim Reaper
61.9%
Grey Gargoyle
61.3%
Moondragon
60.3%
Black Widow
58.4%
Destiny
54.9%
Snowbird
54.9%
Hellstorm
50.5%
Nighthawk
45.7%
Collector
45.4%
Firebird
41.9%
Doctor Druid
40.3%
Justice
36.5%
Shroud
24.8%

You're not logged in!

Compare scores with friends on all Sporcle quizzes.
OR
Log In

You Might Also Like...

Show Comments

Extras

Top Quizzes Today


Score Distribution

Your Account Isn't Verified!

In order to create a playlist on Sporcle, you need to verify the email address you used during registration. Go to your Sporcle Settings to finish the process.

Report this User

Report this user for behavior that violates our Community Guidelines.

Details: